000 00595nam a2200241Ia 4500
003 0100
008 130303s9999 xx 000 0 und d
020 _a0801495636
040 _cARRUPELIB
050 _aBJ1031.A77 1989
100 _aArrington, Robert L
245 _aRationalism, realism, and relativism
245 _bperspectives in contemporary moral epistemology
260 _aIthaca
260 _bCornell University Press
260 _C1989
300 _aix
300 _b 321p. 25cm.
650 _aETHICS
650 _bGood and evil
650 _cTheodicy
942 0 0 _01
999 _c21378
_d21378